Looking ahead: instructor's manual, book 1 and book 2

Uloženo v:
Podrobná bibliografie
Hlavní autoři: Cavusgil, Sharon L (Autor), Fellag, Linda Robinson (Autor)
Médium: Kniha
Jazyk:angličtina
Vydáno: Pacific Grove Heinle & Heinle 1998
Vydání:1a. ed
Témata:
Tagy: Přidat tag
Žádné tagy, Buďte první, kdo vytvoří štítek k tomuto záznamu!

MARC

LEADER 00000nam a2200000 a 4500
001 UCJ0898
003 CL-VaPUC
008 060914e19980000US |||||||||||||||||eng|d
020 |a 0838478328 
082 0 4 |a 428.007  |b CAV  |2 21 
100 0 |a Cavusgil, Sharon L  |e author  |9 501337 
700 0 |a Fellag, Linda Robinson  |e author  |9 501338 
245 1 0 |a Looking ahead: instructor's manual, book 1 and book 2 
250 |a 1a. ed 
300 |a 92 p 
942 |c BK 
945 |d 20060914 00:00:00  |a cmena 
260 |a Pacific Grove  |b Heinle & Heinle  |c 1998 
650 0 |a Educación lingüística  |9 306506 
650 0 |a Enseñanza del inglés  |9 367340 
650 0 |a Retórica   |9 266620 
650 0 |a Redacción de textos  |9 446760 
650 0 |a Métodos de enseñanza  |9 270413 
583 |a last modification  |c 20140409 03:26:09  |k Rodrigo Vera 
999 |c 317646  |d 317644 
952 |0 0  |1 0  |4 0  |6 428_007000000000000_CAV_1998  |7 0  |8 A  |9 394272  |a BIBEDU  |b BIBEDU  |d 2019-11-22  |i 4278712  |o 428.007 CAV 1998  |p 4278712  |r 2019-11-22  |w 2019-11-22  |y BK  |k LIT